LEADER 01422nam a2200277 i 4500 001 000000146027 003 CaOOAMICUS 005 20051214000000.0 008 051214s1998 it u000 u ita u 013 $a122708 040 $aSeMil$bita 100 1 $aFaccendini, Carlo.$0(OLS)http://semarc/name/58069 245 14$aGli anni del fascismo :$bcultura di regime e letteratura di opposizione /$cCarlo Faccendini, Fabio Viscardi. 260 $a[S.l.] :$bSeminario Arcivescovile di Milano,$c1998. 300 $a64 p. ;$c21 cm. 490 0 $aQuaderni di S. Pietro Martire. Serie Intelligenza della fede ;$v2 490 0 $aQuaderni di Parola e comunità : sussidi per i giovani ;$v20 500 $aIn testa al front : Venegono Inferiore. 650 4$aFascismo - Storia.$0(OLS)http://semarc/subject/2457 700 1 $aViscardi, Fabio <1957->.$0(OLS)http://semarc/name/18217 830 0$aQuaderni di S. Pietro Martire. Serie Intelligenza della fede ;$v2.$0(OLS)http://semarc/title/19763 830 0$aQuaderni di Parola e comunità : sussidi per i giovani ;$v20.$0(OLS)http://semarc/title/19779 850 $aSeMil 852 $aSeMil$W1$xVenegono$y1$m5D V 25/3$j98731$B98731$CSeMilBibl$Z2$F106958 $81 996 $6245$aGli anni del fascismo :$bcultura di regime e letteratura di opposizione$9(OLS)http://semarc/title/213500 996 $6260$a[S.l.] :$bSeminario Arcivescovile di Milano$9(OLS)http://semarc/publisher/44246 LEADER 00959nam a2200205 i 4500 001 000000200371 003 CaOOAMICUS 005 20110408000000.0 008 110408n it u000 u ita u 013 $a179069 040 $aSeMil$bita 245 10$aNel solenne ingresso di monsignore Lorenzo Gastaldi vescovo della città e diocesi di Saluzzo :$baddì 9 giugno 1867. 260 $aSaluzzo :$bTip. Giuseppe Campagno,$c[1867] 300 $a20 p. ;$c24 cm. 650 4$aGastaldi, Lorenzo <1815-1883 ; vescovo> - Celebrativi.$0(OLS)http://semarc/subject/16542 773 0 $t[Opuscoli.$w()24699 850 $aSeMil 852 $aSeMil$W1$xVenegono$y1$m5A II 12/21 FA$j150900$B150900$CSeMilBibl$Z2$F162213 $8I 996 $6245$aNel solenne ingresso di monsignore Lorenzo Gastaldi vescovo della città e diocesi di Saluzzo :$baddì 9 giugno 1867$9(OLS)http://semarc/title/289758 996 $6260$aSaluzzo :$bTip. Giuseppe Campagno$9(OLS)http://semarc/publisher/47810